O ekonomických podmienkach života dôchodcov. 1

Posúdenie podmienok života dôchodcov pomocou čistých peňažných príjmov domácností udávaných na osobu za jeden mesiac. Analýza životných nákladov podľa Štatistického úradu SR za obdobie január 1989 ku ktorému sa porovnávali údaje k decembru 1994.

Gespeichert in:
Bibliographische Detailangaben
1. Verfasser: Kozíková, E.
Format: Buchkapitel
Sprache:Slowakisch
Schlagworte:
Tags: Tag hinzufügen
Keine Tags, Fügen Sie das erste Tag hinzu!

MARC

LEADER 00000naa a2200000 4500
001 r017561
005 20221205103311.1
041 0 |a slo 
044 |a SK 
245 1 0 |a O ekonomických podmienkach života dôchodcov. 1  |c E. Kozíková 
520 |a Posúdenie podmienok života dôchodcov pomocou čistých peňažných príjmov domácností udávaných na osobu za jeden mesiac. Analýza životných nákladov podľa Štatistického úradu SR za obdobie január 1989 ku ktorému sa porovnávali údaje k decembru 1994. 
610 2 0 |a úroveň životná 
610 2 0 |a domácnosti 
610 2 0 |a dôchodcovia 
610 2 0 |a výdavky obyvateľstva 
610 2 0 |a podmienky životné 
610 2 0 |a príjmy obyvateľstva 
610 2 0 |a náklady životné 
610 2 0 |a ceny maloobchodné 
610 2 0 |a 1989-1994 
610 2 0 |a porovnanie štatistické 
100 1 |a Kozíková, E.